000 00299nam a2200133 i 4500
001 bg
100 1 _aŚREDNIAWA, B.
245 0 _aMechanika kwantowa /
_cB. Średniawa.
260 _aWarszawa,
_c1970.
040 _cBPK
041 _apol
942 _cKS
008 s pl f |000 0 pol
999 _c10589
_d10589
856 _uhttp://koha.tu.koszalin.pl/cgi-bin/koha/opac-detail.pl?biblionumber=10589
_yKatalog online BPK